[Event "BC-WA m"]
[Site "Victoria"]
[Date "2020.01.18"]
[Round "3.5"]
[White "Huang, Patrick"]
[Black "Seshadri, Sridhar"]
[Result "1-0"]
[WhiteElo "2248"]
[BlackElo "1762"]
[PlyCount "73"]
[EventDate "2020.01.17"]
[EventType "team-swiss"]
[EventRounds "5"]
[EventCountry "CAN"]
[WhiteTeam "BC"]
[BlackTeam "WA"]

1. d4 Nf6 2. Bf4 d5 3. e3 e6 4. Nf3 h6 5. Ne5 Be7 6. Nd2 O-O 7. c3 c5 8. Bd3
cxd4 9. exd4 Nc6 10. Qf3 Nxe5 11. dxe5 Nh7 12. h4 Bd7 13. Nb3 Bc6 14. Nd4 Qb6
15. Qg3 Kh8 16. O-O-O Ba4 17. Rde1 Rac8 18. Be3 Bc5 19. Kb1 a6 20. Nc2 Bxc2+
21. Bxc2 d4 22. Bxd4 Bxd4 23. Qd3 g6 24. cxd4 Rxc2 25. Qxc2 Qxd4 26. Re4 Qd5
27. Rd1 Qb5 28. Qc4 Qb6 29. Qd4 Qc6 30. Rc1 Qb5 31. Qc4 Qd7 32. Rd4 Qe8 33.
Rcd1 Kg7 34. Rd7 b5 35. Qc7 Qa8 36. f3 Qc8 37. Rxf7+ 1-0

[Event "BC-WA m"]
[Site "Victoria"]
[Date "2020.01.18"]
[Round "3.6"]
[White "Gansvind, Valeriya I"]
[Black "Abramson, Dan"]
[Result "1-0"]
[WhiteElo "2123"]
[BlackElo "2135"]
[PlyCount "47"]
[EventDate "2020.01.17"]
[EventType "team-swiss"]
[EventRounds "5"]
[EventCountry "CAN"]
[WhiteTeam "BC"]
[BlackTeam "WA"]

1. d4 Nf6 2. Bg5 c5 3. d5 Qb6 4. Nc3 Qxb2 5. Bd2 Qb6 6. e4 d6 7. Rb1 Qd8 8. f4
e6 9. Nf3 exd5 10. exd5 Be7 11. Bd3 Nbd7 12. O-O Nb6 13. Re1 O-O 14. a4 c4 15.
Bf1 Rb8 16. Be3 Bf5 17. h3 Re8 18. a5 Nc8 19. a6 Qa5 20. Rxb7 Rxb7 21. axb7 Nb6
22. Nd4 Qxc3 23. Nxf5 Bf8 24. Bd2 1-0

[Event "BC-WA m"]
[Site "Victoria"]
[Date "2020.01.18"]
[Round "3.7"]
[White "Velea, Sophie"]
[Black "Patterson, Roger"]
[Result "1/2-1/2"]
[WhiteElo "1850"]
[BlackElo "2115"]
[PlyCount "80"]
[EventDate "2020.01.17"]
[EventType "team-swiss"]
[EventRounds "5"]
[EventCountry "CAN"]
[WhiteTeam "WA"]
[BlackTeam "BC"]

1. e4 c5 2. Nf3 Nc6 3. d4 cxd4 4. Nxd4 g6 5. Nc3 Bg7 6. Nde2 Nf6 7. g3 b5 8.
Bg2 Rb8 9. O-O O-O 10. h3 b4 11. Nd5 d6 12. Be3 Bb7 13. Nd4 a5 14. Nxc6 Bxc6
15. Bd4 Nd7 16. Bxg7 Kxg7 17. c4 bxc3 18. Qd4+ Kg8 19. Qxc3 Bxd5 20. exd5 Qb6
21. b3 Nc5 22. Qe3 Rb7 23. Rfe1 Ra8 24. Rab1 Raa7 25. Qd2 Qb4 26. Qxb4 Rxb4 27.
Bf1 Kg7 28. Bc4 Rab7 29. Kg2 f5 30. f3 Kf6 31. Kg1 R4b6 32. Rbc1 Ra7 33. Re3 a4
34. Rc2 axb3 35. axb3 Ra1+ 36. Kf2 Rb1 37. Rcc3 Rb2+ 38. Re2 Rb1 39. Ree3 Rb2+
40. Re2 Rb1 1/2-1/2

[Event "BC-WA m"]
[Site "Victoria"]
[Date "2020.01.18"]
[Round "3.8"]
[White "Velea, Anne-Marie"]
[Black "Sardari, Reza"]
[Result "1-0"]
[WhiteElo "2082"]
[BlackElo "2024"]
[PlyCount "97"]
[EventDate "2020.01.17"]
[EventType "team-swiss"]
[EventRounds "5"]
[EventCountry "CAN"]
[WhiteTeam "WA"]
[BlackTeam "BC"]

1. e4 c5 2. Nf3 Nc6 3. Bb5 d6 4. c3 Nf6 5. Qe2 e5 6. O-O Be7 7. d4 exd4 8. cxd4
O-O 9. dxc5 dxc5 10. Bxc6 bxc6 11. Rd1 Qb6 12. Nc3 Ba6 13. Qc2 Qc7 14. Na4 Rad8
15. Bg5 c4 16. Nc3 Ng4 17. Bxe7 Qxe7 18. h3 Nf6 19. Nd4 Qc5 20. Nf5 Rd3 21. Qc1
Nxe4 22. Rxd3 Qxf2+ 23. Kh1 cxd3 24. Ne7+ Kh8 25. Nxe4 Qh4 26. Nc5 Qxe7 27.
Nxa6 Qe2 28. Nc5 d2 29. Qf1 Qxf1+ 30. Rxf1 Re8 31. Nd3 Re2 32. Kh2 f5 33. Rxf5
g6 34. Rf1 Kg7 35. Rd1 c5 36. Nxc5 Kf6 37. Rxd2 Re3 38. Kg1 a5 39. Kf2 Re7 40.
a3 Rc7 41. b4 axb4 42. axb4 Rc6 43. Rc2 Kf7 44. Ke3 Rb6 45. Rb2 Ke7 46. Kd4 Kd6
47. Kc4 Kc6 48. Rf2 Rb8 49. Rf6+ 1-0

[Event "BC-WA m"]
[Site "Victoria"]
[Date "2020.01.18"]
[Round "3.9"]
[White "Lehingrat, Callum"]
[Black "Vijayakumar, Advaith"]
[Result "1-0"]
[WhiteElo "1995"]
[BlackElo "2121"]
[PlyCount "91"]
[EventDate "2020.01.17"]
[EventType "team-swiss"]
[EventRounds "5"]
[EventCountry "CAN"]
[WhiteTeam "BC"]
[BlackTeam "WA"]

1. Nf3 Nf6 2. c4 g6 3. Nc3 Bg7 4. e4 d6 5. d4 O-O 6. Be2 e5 7. O-O Nc6 8. d5
Ne7 9. Ne1 Ne8 10. Nd3 f5 11. Bd2 Nf6 12. f3 f4 13. c5 g5 14. Rc1 Ng6 15. Nb5
Rf7 16. Ba5 b6 17. cxd6 cxd6 18. Be1 g4 19. Nb4 g3 20. Nc6 gxh2+ 21. Kxh2 Qf8
22. Bb4 Ne8 23. Nbxa7 Bf6 24. Rh1 Bd7 25. a4 Nh4 26. Bf1 Qh6 27. Kg1 Rg7 28.
Be1 Bg5 29. Rc3 Qh5 30. Bf2 Bf6 31. Rh2 Nc7 32. Bxb6 Kh8 33. Bxc7 Bxc6 34. Nxc6
Rxc7 35. b4 Rg7 36. Kh1 Rag8 37. Qe2 Rg3 38. b5 Qg5 39. b6 Bd8 40. a5 Rg6 41.
Nxd8 Qxd8 42. b7 Rg8 43. Rc8 Qg5 44. b8=Q Nxf3 45. Rxg8+ Qxg8 46. Qxg8+ 1-0

[Event "BC-WA m"]
[Site "Victoria"]
[Date "2020.01.18"]
[Round "3.10"]
[White "Wu, Howard"]
[Black "Velea, Stephanie"]
[Result "1/2-1/2"]
[WhiteElo "2112"]
[BlackElo "1797"]
[PlyCount "81"]
[EventDate "2020.01.17"]
[EventType "team-swiss"]
[EventRounds "5"]
[EventCountry "CAN"]
[WhiteTeam "BC"]
[BlackTeam "WA"]

1. e4 c5 2. Nf3 d6 3. d4 cxd4 4. Nxd4 Nf6 5. Nc3 g6 6. Be3 Bg7 7. f3 Nc6 8. Bc4
O-O 9. Qd2 Bd7 10. O-O-O Rc8 11. Bb3 Nxd4 12. Bxd4 b5 13. Nd5 Nxd5 14. Bxg7
Kxg7 15. exd5 a5 16. Qd4+ Kg8 17. a4 Qe8 18. h4 b4 19. h5 g5 20. Rde1 Bxa4 21.
Bc4 Rc7 22. b3 Bb5 23. h6 f6 24. Qb6 Rc5 25. Qa7 Rf7 26. Re6 Bxc4 27. Rhe1 Kf8
28. bxc4 Rxc4 29. Rxd6 Qc8 30. Rd7 Rxc2+ 31. Kb1 Rc3 32. Kb2 b3 33. Rd8+ Qxd8
34. Kxc3 a4 35. Qxa4 Qxd5 36. Rd1 Qc5+ 37. Kxb3 Qb6+ 38. Ka2 Qe6+ 39. Kb2 Qe5+
40. Ka3 Qe3+ 41. Kb2 1/2-1/2

[Event "BC-WA m"]
[Site "Victoria"]
[Date "2020.01.19"]
[Round "4.2"]
[White "Cortes Orihuela, Javier"]
[Black "Velea, Anne-Marie"]
[Result "1-0"]
[WhiteElo "2242"]
[BlackElo "2082"]
[PlyCount "115"]
[EventDate "2020.01.17"]
[EventType "team-swiss"]
[EventRounds "5"]
[EventCountry "CAN"]
[WhiteTeam "BC"]
[BlackTeam "WA"]

1. d4 d5 2. c4 e6 3. Nf3 Be7 4. g3 Nf6 5. Bg2 O-O 6. O-O dxc4 7. Qc2 a6 8. a4
Bd7 9. Qxc4 Bc6 10. Bf4 Bd6 11. Qc1 Nbd7 12. Nc3 Qe7 13. Bg5 h6 14. Bh4 Qe8 15.
Qc2 Nd5 16. e4 Nb4 17. Qd2 b6 18. d5 Bb7 19. Nd4 Bc5 20. Rad1 Ne5 21. Nb3 Bd6
22. f4 Ng6 23. e5 Nxh4 24. gxh4 Bc5+ 25. Nxc5 bxc5 26. dxe6 Bxg2 27. exf7+ Qxf7
28. Qxg2 Qf5 29. Ne4 Rad8 30. Nxc5 Rxd1 31. Rxd1 Qxf4 32. Ne6 Qe3+ 33. Kh1 Rf7
34. Rd8+ Kh7 35. Nf8+ Rxf8 36. Rxf8 Qe1+ 37. Qf1 Qe4+ 38. Qf3 Qb1+ 39. Kg2
Qxb2+ 40. Kh3 Qxe5 41. Qf5+ Qxf5+ 42. Rxf5 c6 43. h5 Nd5 44. Rf8 c5 45. Rf5 Nc3
46. a5 Na4 47. Rf2 c4 48. Rc2 c3 49. Kg4 g6 50. hxg6+ Kxg6 51. Kf4 Kf6 52. Ke4
Nc5+ 53. Kd5 Nb3 54. Rxc3 Nxa5 55. Ra3 Nb7 56. Rxa6+ Kg5 57. Ra7 Nd8 58. Rd7
1-0

[Event "BC-WA m"]
[Site "Victoria"]
[Date "2020.01.19"]
[Round "4.3"]
[White "Mahajan, Rushaan"]
[Black "Huang, Patrick"]
[Result "1-0"]
[WhiteElo "2179"]
[BlackElo "2248"]
[PlyCount "83"]
[EventDate "2020.01.17"]
[EventType "team-swiss"]
[EventRounds "5"]
[EventCountry "CAN"]
[WhiteTeam "WA"]
[BlackTeam "BC"]

1. Nf3 g6 2. d4 Bg7 3. c4 d6 4. Nc3 Nf6 5. Bg5 O-O 6. e3 Nbd7 7. Be2 e5 8. O-O
h6 9. Bh4 g5 10. Bg3 Nh5 11. dxe5 Nxg3 12. hxg3 dxe5 13. Nd2 f5 14. g4 f4 15.
Nde4 c6 16. Qd6 Nf6 17. Nxf6+ Qxf6 18. Rad1 Be6 19. Ne4 Qf7 20. Nc5 Bxc4 21.
Bxc4 Qxc4 22. Nd7 Rad8 23. Qg6 Qf7 24. Nxf8 Rxf8 25. Qxf7+ Rxf7 26. Rd8+ Bf8
27. e4 Kg7 28. Rfd1 Kf6 29. R1d7 Bc5 30. Rxf7+ Kxf7 31. Rd7+ Kg6 32. Rxb7 Bb6
33. Kf1 h5 34. f3 hxg4 35. fxg4 Kf6 36. Ke2 Ke6 37. Kd3 Bd4 38. b3 a5 39. Rg7
Kf6 40. Rc7 c5 41. Kc4 Ke6 42. Rxc5 1-0

[Event "BC-WA m"]
[Site "Victoria"]
[Date "2020.01.19"]
[Round "4.4"]
[White "Setiadikurnia, Sloan Christopher"]
[Black "Mohammed Qanee, Arpak Worya"]
[Result "0-1"]
[WhiteElo "2155"]
[BlackElo "2185"]
[PlyCount "90"]
[EventDate "2020.01.17"]
[EventType "team-swiss"]
[EventRounds "5"]
[EventCountry "CAN"]
[WhiteTeam "WA"]
[BlackTeam "BC"]

1. e4 c5 2. Nf3 Nc6 3. d4 cxd4 4. Nxd4 e5 5. Nb5 d6 6. c4 Be7 7. N1c3 a6 8. Na3
Nf6 9. Be2 O-O 10. O-O Ne8 11. Nc2 f5 12. exf5 Bxf5 13. Bd3 Nc7 14. Be3 Qe8 15.
Bxf5 Rxf5 16. Bb6 Ne6 17. Ne3 Rf7 18. Ned5 Ncd4 19. Bxd4 Nxd4 20. Nc7 Qc8 21.
Nxa8 Qxa8 22. Ne2 Qa7 23. Nxd4 exd4 24. Qg4 Qc5 25. Rad1 Bf6 26. b3 g6 27. Rfe1
Be5 28. Rf1 Kg7 29. g3 Rf5 30. Rd3 b5 31. cxb5 axb5 32. Qe2 h5 33. h4 Rf7 34.
Rfd1 Ra7 35. R1d2 Rc7 36. a4 b4 37. Ra2 Qc1+ 38. Kg2 Qc5 39. Qd2 Qd5+ 40. Kg1
Rc3 41. Rb2 Qe4 42. Rxc3 bxc3 43. Qe2 Qxe2 44. Rxe2 d3 45. Re3 d2 0-1

[Event "BC-WA m"]
[Site "Victoria"]
[Date "2020.01.19"]
[Round "4.5"]
[White "Kenney, Jason"]
[Black "Velea, Sophie"]
[Result "1-0"]
[WhiteElo "2264"]
[BlackElo "1850"]
[PlyCount "147"]
[EventDate "2020.01.17"]
[EventType "team-swiss"]
[EventRounds "5"]
[EventCountry "CAN"]
[WhiteTeam "BC"]
[BlackTeam "WA"]

1. e4 c5 2. Nc3 Nc6 3. Bb5 g6 4. Bxc6 dxc6 5. d3 Bg7 6. f4 Nf6 7. Nf3 Bg4 8.
O-O Qd7 9. Qe1 Bxf3 10. Rxf3 c4 11. e5 Nd5 12. dxc4 Nxc3 13. Rxc3 O-O 14. Be3
f6 15. exf6 Bxf6 16. Rb3 b6 17. Rd1 Qc7 18. Rbd3 Rad8 19. Qd2 e6 20. Rd7 Rxd7
21. Qxd7 Qxd7 22. Rxd7 Rf7 23. Rd6 e5 24. fxe5 Bxe5 25. Rxc6 Bxb2 26. c5 bxc5
27. Bxc5 Be5 28. Rc8+ Kg7 29. Ra8 Rc7 30. Rxa7 Rxa7 31. Bxa7 Kf7 32. Kf2 Ke6
33. c4 Kd7 34. Kf3 h5 35. h3 Ke6 36. Bb6 Kd6 37. Ke4 Bf6 38. Ba7 Bg7 39. Bd4
Bh6 40. c5+ Kc6 41. Bf2 Bg7 42. Kf4 Bf6 43. a4 Kc7 44. a5 Kb7 45. Ke4 Bd8 46.
Kd5 Bxa5 47. c6+ Kc8 48. Bg3 Bd2 49. Ke6 g5 50. Kf5 h4 51. Be5 Be3 52. Kg4 Bd2
53. Bf6 Kc7 54. Bxg5 Bc3 55. Bxh4 Kxc6 56. Kf5 Kd7 57. Bf6 Bb4 58. h4 Bf8 59.
h5 Ke8 60. Kg6 Kd7 61. Bg7 Ke7 62. h6 Bxg7 63. hxg7 Ke6 64. g8=Q+ Ke5 65. Qc4
Kd6 66. Qb5 Kc7 67. Qa6 Kd7 68. Kf6 Kc7 69. Ke6 Kb8 70. Qc6 Ka7 71. Qb5 Ka8 72.
Kd6 Ka7 73. Kc7 Ka8 74. Qb7# 1-0

[Event "BC-WA m"]
[Site "Victoria"]
[Date "2020.01.19"]
[Round "4.6"]
[White "Collyer, Curt"]
[Black "Lehingrat, Callum"]
[Result "1-0"]
[WhiteElo "2325"]
[BlackElo "1995"]
[PlyCount "85"]
[EventDate "2020.01.17"]
[EventType "team-swiss"]
[EventRounds "5"]
[EventCountry "CAN"]
[WhiteTeam "WA"]
[BlackTeam "BC"]

1. d4 Nf6 2. c4 e6 3. Nc3 Bb4 4. f3 d5 5. a3 Bxc3+ 6. bxc3 O-O 7. cxd5 exd5 8.
e3 b6 9. Bd3 Ba6 10. Ne2 Re8 11. O-O Bxd3 12. Qxd3 c5 13. Ng3 Nc6 14. Ra2 Qd7
15. Re2 Rad8 16. Rd1 Re6 17. Bb2 Na5 18. e4 dxe4 19. fxe4 Nc6 20. Ree1 Qc7 21.
Qf1 Ree8 22. d5 Ne5 23. c4 b5 24. Qf4 Nfd7 25. cxb5 Qa5 26. Nf5 Qxb5 27. Bc3 c4
28. Kh1 Ng6 29. Qg3 Nde5 30. h4 h5 31. d6 Qd7 32. Bxe5 Rxe5 33. Ne7+ Rxe7 34.
dxe7 Qxe7 35. Qg5 Rxd1 36. Rxd1 Qxa3 37. Rd8+ Nf8 38. Rc8 c3 39. Qxh5 Qc1+ 40.
Kh2 Qf4+ 41. Kh3 Qxe4 42. Qc5 Qd3+ 43. Kh2 1-0

[Event "BC-WA m"]
[Site "Victoria"]
[Date "2020.01.19"]
[Round "4.7"]
[White "Velea, Stephanie"]
[Black "Gansvind, Valeriya I"]
[Result "0-1"]
[WhiteElo "1797"]
[BlackElo "2123"]
[PlyCount "134"]
[EventDate "2020.01.17"]
[EventType "team-swiss"]
[EventRounds "5"]
[EventCountry "CAN"]
[WhiteTeam "WA"]
[BlackTeam "BC"]

1. e4 c5 2. Nf3 a6 3. d4 cxd4 4. Nxd4 e5 5. Nf3 Nf6 6. Bg5 Qa5+ 7. Qd2 Bb4 8.
c3 Be7 9. Bxf6 Bxf6 10. Bc4 O-O 11. O-O Qc7 12. Bb3 d6 13. Rd1 Be7 14. c4 Nd7
15. Nc3 Nf6 16. Ne1 Be6 17. Qe2 Rac8 18. Nd5 Nxd5 19. cxd5 Bd7 20. Qe3 Qc5 21.
Qd2 h6 22. Rac1 Qb6 23. Rxc8 Rxc8 24. Rc1 Rxc1 25. Qxc1 Bd8 26. Nf3 Bg4 27. Bd1
Qb4 28. h3 Bd7 29. Qc2 Bb6 30. Qb3 Qxb3 31. Bxb3 Bb5 32. h4 Bd3 33. Nd2 Bd8 34.
g3 b5 35. f3 Bb6+ 36. Kg2 Be3 37. Nf1 Bd4 38. a4 Bxb2 39. Ne3 g6 40. h5 Bd4 41.
Ng4 Kg7 42. hxg6 fxg6 43. Nf2 Bc4 44. Bc2 b4 45. f4 b3 46. Bb1 exf4 47. gxf4 b2
48. Bc2 Ba2 49. Ng4 b1=Q 50. Bxb1 Bxb1 51. Kf3 h5 52. Ne3 Bd3 53. f5 g5 54. Ng2
Bc2 55. a5 Bd1+ 56. Kg3 Kf6 57. Ne1 h4+ 58. Kg2 g4 59. Nd3 Bf3+ 60. Kf1 Bxe4
61. Nb4 Bc5 62. Na2 g3 63. Nc3 g2+ 64. Ke2 Bxf5 65. Kf3 g1=Q 66. Ne4+ Bxe4+ 67.
Kxe4 Qe3# 0-1

[Event "BC-WA m"]
[Site "Victoria"]
[Date "2020.01.19"]
[Round "4.8"]
[White "Patterson, Roger"]
[Black "Seshadri, Sridhar"]
[Result "1-0"]
[WhiteElo "2115"]
[BlackElo "1762"]
[PlyCount "79"]
[EventDate "2020.01.17"]
[EventType "team-swiss"]
[EventRounds "5"]
[EventCountry "CAN"]
[WhiteTeam "BC"]
[BlackTeam "WA"]

1. c4 Nf6 2. Nc3 c5 3. g3 Nc6 4. Bg2 e6 5. Nf3 d5 6. cxd5 exd5 7. d4 h6 8. O-O
Be7 9. b3 O-O 10. Bb2 Bg4 11. dxc5 Bxc5 12. Rc1 Re8 13. h3 Be6 14. Na4 Be7 15.
Nc5 Bxc5 16. Rxc5 Ne4 17. Rc1 Qb6 18. Nd4 Bd7 19. e3 Ne5 20. Qe2 Rac8 21. Rfd1
Rxc1 22. Rxc1 Rc8 23. Rxc8+ Bxc8 24. Qc2 Nd6 25. Qc3 Kh8 26. Nb5 f6 27. Nxd6
Be6 28. Nc8 Qa6 29. Ne7 Qxa2 30. Nxd5 Qb1+ 31. Qc1 Qd3 32. Bxe5 fxe5 33. Qc7
Qb1+ 34. Kh2 e4 35. Qe5 Bg8 36. Bxe4 Qxb3 37. Ne7 Qa2 38. Kg2 Bh7 39. Qb8+ Bg8
40. Bd5 1-0

[Event "BC-WA m"]
[Site "Victoria"]
[Date "2020.01.19"]
[Round "4.9"]
[White "Abramson, Dan"]
[Black "Wu, Howard"]
[Result "1-0"]
[WhiteElo "2135"]
[BlackElo "2112"]
[PlyCount "89"]
[EventDate "2020.01.17"]
[EventType "team-swiss"]
[EventRounds "5"]
[EventCountry "CAN"]
[WhiteTeam "WA"]
[BlackTeam "BC"]

1. c4 Nf6 2. Nc3 e6 3. e4 d5 4. e5 d4 5. exf6 dxc3 6. bxc3 Qxf6 7. d4 c5 8. Nf3
h6 9. Be2 Nc6 10. O-O Bd6 11. Be3 O-O 12. a4 Rd8 13. Qc2 e5 14. dxc5 Bc7 15.
Nd2 Bf5 16. Ne4 Qg6 17. f3 h5 18. Bd3 h4 19. Nf6+ Qxf6 20. Bxf5 Na5 21. Bh7+
Kh8 22. Bd3 Qe6 23. Bf5 Qxc4 24. Qf2 Nb3 25. Rab1 Kg8 26. Be4 Rab8 27. Qxh4 f5
28. Rxb3 fxe4 29. Rb4 Qxc3 30. Rxe4 Rd3 31. Bg5 Qxc5+ 32. Kh1 Bd8 33. Rfe1 Ba5
34. Rf1 Qd5 35. h3 Rc8 36. Kh2 Rc2 37. Qh5 Qe6 38. Rh4 Bc7 39. Qh7+ Kf7 40. Rh6
e4+ 41. Kh1 Rd1 42. Rxd1 exf3 43. Rxe6 fxg2+ 44. Kg1 Kxe6 45. Qxc2 1-0

[Event "BC-WA m"]
[Site "Victoria"]
[Date "2020.01.19"]
[Round "4.10"]
[White "Sardari, Reza"]
[Black "Vijayakumar, Advaith"]
[Result "0-1"]
[WhiteElo "2024"]
[BlackElo "2121"]
[PlyCount "166"]
[EventDate "2020.01.17"]
[EventType "team-swiss"]
[EventRounds "5"]
[EventCountry "CAN"]
[WhiteTeam "BC"]
[BlackTeam "WA"]

1. e4 e6 2. d4 d5 3. exd5 exd5 4. Nf3 Bd6 5. Bd3 Ne7 6. c3 Nbc6 7. Bg5 f6 8.
Bh4 Bg4 9. Qc2 Qd7 10. Bg3 O-O-O 11. Nbd2 Bf5 12. Nf1 Bxd3 13. Qxd3 Qf5 14. Kd2
Qxd3+ 15. Kxd3 Nf5 16. Ne3 Nxe3 17. Kxe3 Ne7 18. Kd3 Nf5 19. Rae1 Rhe8 20. Nd2
h5 21. a4 h4 22. Bxd6 Nxd6 23. b3 Nf5 24. g4 Ne7 25. g5 fxg5 26. Rhg1 Ng6 27.
Rxe8 Rxe8 28. Rxg5 Nf4+ 29. Kc2 Re2 30. Rxg7 Rxf2 31. Rg4 Ng2 32. Kd3 Ne1+ 33.
Ke3 Rxh2 34. Rg1 Rh3+ 35. Ke2 Nd3 36. Nf3 Nf4+ 37. Ke3 Ne6 38. Rg6 Kd7 39. Rh6
Ng5 40. Kf4 Nxf3 41. Rh7+ Ke6 42. Rh6+ Ke7 43. Rh7+ Kf6 44. Rxc7 Nd2 45. Rxb7
Rxc3 46. Rxa7 Rf3+ 47. Kg4 Rxb3 48. Ra6+ Ke7 49. Ra5 h3 50. Rxd5 h2 51. Rh5 Nf1
52. a5 Ra3 53. d5 Rxa5 54. Kf3 Rxd5 55. Rh7+ Kf6 56. Kg2 Rg5+ 57. Kf2 Rf5+ 58.
Kg2 Kg6 59. Rh8 Rf7 60. Kh1 Kf5 61. Kg2 Ke4 62. Re8+ Kf4 63. Rh8 Rg7+ 64. Kf2
Ne3 65. Rf8+ Kg4 66. Rh8 Kf4 67. Rf8+ Ke4 68. Re8+ Kf5 69. Rf8+ Ke6 70. Rh8
Ng4+ 71. Kg2 Rf7 72. Re8+ Kd5 73. Rd8+ Ke6 74. Re8+ Kd7 75. Re1 Rh7 76. Rh1 Ke6
77. Kg3 Kf5 78. Rf1+ Ke4 79. Rh1 Ke3 80. Kg2 Kf4 81. Rf1+ Kg5 82. Rh1 Kh4 83.
Ra1 Rf7 0-1

[Event "BC-WA m"]
[Site "Victoria"]
[Date "2020.01.19"]
[Round "5.1"]
[White "Mahajan, Rushaan"]
[Black "Cortes Orihuela, Javier"]
[Result "0-1"]
[WhiteElo "2179"]
[BlackElo "2242"]
[PlyCount "162"]
[EventDate "2020.01.17"]
[EventType "team-swiss"]
[EventRounds "5"]
[EventCountry "CAN"]
[WhiteTeam "WA"]
[BlackTeam "BC"]

{[%evp 0,162,16,16,31,10,20,20,73,23,71,18,41,49,58,18,23,27,27,9,8,15,2,-29,
-30,-43,-41,-41,-20,-46,-37,-59,-69,-173,-183,-183,-213,-234,-173,-173,-194,
-191,-214,-220,-213,-227,-242,-246,-244,-244,-204,-226,-229,-217,-230,-264,
-260,-276,-291,-331,-200,-200,-145,-156,-150,-148,-145,-120,-139,-136,-147,
-188,-126,-109,-109,-109,-100,-93,-37,-100,-89,-63,-37,-54,-40,-27,-33,-54,50,
-66,-68,-62,-64,-68,-76,-112,-79,-83,-63,-65,-65,-70,-25,-55,-57,-74,-73,-103,
-96,-108,-108,-171,-170,-205,-204,-221,-221,-221,-221,-221,-221,-221,-221,-221,
-199,-199,-199,-199,-199,-199,-199,-199,-199,-199,-205,-219,-218,-219,-184,
-191,-185,-180,-177,-236,-230,-221,-180,-220,-222,-220,-233,-308,-307,-302,
-302,-354,-350,-405,-441,-477,-491,-502,-421,-541,-547]} 1. Nf3 d5 2. d4 Nf6 3.
Bf4 c5 4. e3 Nc6 5. c3 Qb6 6. Qc2 g6 7. dxc5 Qxc5 8. Nbd2 Bg7 9. Be2 O-O 10.
O-O Nh5 11. Rac1 e5 12. Bg3 Nxg3 13. hxg3 Bg4 14. Rfd1 Rfd8 15. Nb3 Qe7 16. c4
Nb4 17. Qb1 Bf5 18. Qa1 Nc2 19. Rxc2 Bxc2 20. Rxd5 Rxd5 21. cxd5 Rd8 22. Bc4 b5
23. Bxb5 Rxd5 24. Be2 Bxb3 25. axb3 e4 26. Bc4 Rd6 27. Ne1 Qd7 28. Qa5 Rd1 29.
Kh2 Rd2 30. f3 Rxb2 31. fxe4 Rb1 32. Nf3 Qd1 33. g4 Qd7 34. e5 h6 35. Qb4 Kh7
36. Qb8 Rb2 37. Kg3 a5 38. Qd6 Qe8 39. Kh3 Rb1 40. Qc7 Rh1+ 41. Kg3 Kg8 42.
Qxa5 Rd1 43. Qc7 Rd7 44. Qc5 Re7 45. e6 fxe6 46. Qd6 Kh7 47. Ne5 Bxe5+ 48. Qxe5
Qh8 49. Qxh8+ Kxh8 50. Kf4 e5+ 51. Ke4 Kg7 52. b4 Kf6 53. b5 Rd7 54. Bd5 Rd6
55. Bc6 Ke6 56. Be8 g5 57. g3 Rd1 58. Bc6 Rb1 59. Bd5+ Kd6 60. Bc6 Rb3 61. Be8
Ke6 62. Bc6 Rb4+ 63. Kf3 Kd6 64. Be8 Kc5 65. Bc6 Ra4 66. Bd7 e4+ 67. Ke2 Ra2+
68. Kf1 Rb2 69. Bc6 Rxb5 70. Bxe4 Rb2 71. Bd3 Kd5 72. Bg6 Kc4 73. Be4 Kc3 74.
Bf5 Rh2 75. e4 Kd4 76. Kg1 Ra2 77. Kf1 Ke3 78. Kg1 Kf3 79. e5 Kxg3 80. Kf1 Ra3
81. e6 Re3 0-1

[Event "BC-WA m"]
[Site "Victoria"]
[Date "2020.01.19"]
[Round "5.3"]
[White "Mohammed Qanee, Arpak Worya"]
[Black "Collyer, Curt"]
[Result "1/2-1/2"]
[WhiteElo "2185"]
[BlackElo "2325"]
[PlyCount "61"]
[EventDate "2020.01.17"]
[EventType "team-swiss"]
[EventRounds "5"]
[EventCountry "CAN"]
[WhiteTeam "BC"]
[BlackTeam "WA"]

{[%evp 0,61,20,20,34,-25,40,44,35,57,55,44,44,26,54,57,58,40,66,57,64,40,57,46,
59,70,62,58,53,59,34,34,45,25,22,4,19,-25,-25,52,52,48,66,146,173,155,167,179,
181,98,166,171,248,209,264,246,142,90,84,109,109,109,109,109]} 1. d4 e6 2. c4
f5 3. Nc3 Nf6 4. Nf3 Bb4 5. Qb3 a5 6. g3 O-O 7. Bg2 d6 8. O-O Bxc3 9. bxc3 a4
10. Qc2 Qe7 11. Bg5 Nbd7 12. Rab1 Ra7 13. Nd2 h6 14. Bxf6 Nxf6 15. e4 f4 16.
Rb4 Qe8 17. e5 dxe5 18. dxe5 Ng4 19. Qe4 Qh5 20. Nf3 b6 21. h3 Bb7 22. hxg4
Qxg4 23. Nh2 Qg5 24. Qe2 Rf5 25. Bxb7 Rxb7 26. Nf3 Qg4 27. c5 Qh3 28. Rxf4 Rxf4
29. gxf4 Qg4+ 30. Kh1 Qh5+ 31. Kg2 1/2-1/2

[Event "BC-WA m"]
[Site "Victoria"]
[Date "2020.01.19"]
[Round "5.4"]
[White "Vijayakumar, Advaith"]
[Black "Kenney, Jason"]
[Result "1-0"]
[WhiteElo "2121"]
[BlackElo "2264"]
[PlyCount "43"]
[EventDate "2020.01.17"]
[EventType "team-swiss"]
[EventRounds "5"]
[EventCountry "CAN"]
[WhiteTeam "WA"]
[BlackTeam "BC"]

1. d4 Nf6 2. c4 e6 3. Nf3 d5 4. Bg5 Bb4+ 5. Nbd2 h6 6. Bxf6 Qxf6 7. e3 O-O 8.
a3 Be7 9. Bd3 g6 10. O-O Nd7 11. e4 dxe4 12. Nxe4 Qg7 13. Qe2 Nf6 14. Rad1 Rd8
15. Rfe1 Bd7 16. Ne5 Be8 17. Bc2 Nh5 18. g3 b6 19. Nc3 c5 20. d5 f6 21. Nxg6
Bxg6 22. Bxg6 1-0

[Event "BC-WA m"]
[Site "Victoria"]
[Date "2020.01.19"]
[Round "5.5"]
[White "Gansvind, Valeriya I"]
[Black "Sinanan, Joshua C"]
[Result "1/2-1/2"]
[WhiteElo "2123"]
[BlackElo "2302"]
[PlyCount "45"]
[EventDate "2020.01.17"]
[EventType "team-swiss"]
[EventRounds "5"]
[EventCountry "CAN"]
[WhiteTeam "BC"]
[BlackTeam "WA"]

1. d4 Nf6 2. Bg5 e6 3. Nd2 h6 4. Bh4 d5 5. e3 c5 6. c3 Nc6 7. Ngf3 Bd6 8. Bd3
O-O 9. O-O e5 10. dxe5 Nxe5 11. Nxe5 Bxe5 12. f4 Bd6 13. c4 Be7 14. h3 dxc4 15.
Bxc4 Bf5 16. Nf3 Nd7 17. Bxe7 Qxe7 18. Qb3 Be4 19. Rae1 Rad8 20. Bd5 Nb6 21.
Bxe4 Qxe4 22. Qa3 Qc6 23. Rc1 1/2-1/2

[Event "BC-WA m"]
[Site "Victoria"]
[Date "2020.01.19"]
[Round "5.6"]
[White "Huang, Patrick"]
[Black "Velea, Anne-Marie"]
[Result "1-0"]
[WhiteElo "2248"]
[BlackElo "2082"]
[PlyCount "95"]
[EventDate "2020.01.17"]
[EventType "team-swiss"]
[EventRounds "5"]
[EventCountry "CAN"]
[WhiteTeam "BC"]
[BlackTeam "WA"]

1. d4 d5 2. Bf4 Nf6 3. e3 e6 4. Nf3 Bd6 5. Bg3 O-O 6. Nbd2 c5 7. c3 Qc7 8. Ne5
Nbd7 9. f4 Ne4 10. Nxe4 dxe4 11. Nc4 Be7 12. Be2 Nf6 13. O-O b6 14. Qc2 Bb7 15.
f5 Qc6 16. Ne5 Qc8 17. fxe6 Qxe6 18. Bc4 Bd5 19. Bxd5 Nxd5 20. Qxe4 f6 21. c4
fxe5 22. cxd5 Qh6 23. dxe5 Bg5 24. Bf4 Rae8 25. e6 Bxf4 26. Rxf4 Rxf4 27. Qxf4
Qxf4 28. exf4 Kf8 29. Kf2 Ke7 30. Ke3 Kd6 31. Ke4 b5 32. f5 c4 33. Kd4 Rf8 34.
Rf1 a6 35. g4 h6 36. h4 Rh8 37. f6 gxf6 38. Rxf6 Rg8 39. Rf4 a5 40. Re4 Rf8 41.
g5 hxg5 42. hxg5 Rg8 43. e7 Re8 44. g6 Rxe7 45. Rxe7 Kxe7 46. g7 Kf7 47. d6
Kxg7 48. d7 1-0

[Event "BC-WA m"]
[Site "Victoria"]
[Date "2020.01.19"]
[Round "5.7"]
[White "Patterson, Roger"]
[Black "Setiadikurnia, Sloan Christopher"]
[Result "0-1"]
[WhiteElo "2115"]
[BlackElo "2155"]
[PlyCount "36"]
[EventDate "2020.01.17"]
[EventType "team-swiss"]
[EventRounds "5"]
[EventCountry "CAN"]
[WhiteTeam "BC"]
[BlackTeam "WA"]

1. c4 e5 2. Nc3 Nf6 3. g3 c6 4. Nf3 e4 5. Nd4 Qb6 6. e3 d5 7. cxd5 cxd5 8. Bg2
Nc6 9. Nxc6 bxc6 10. f3 exf3 11. Qxf3 Ba6 12. d4 Bb4 13. Qf5 O-O 14. Bd2 Rfe8
15. O-O-O Rab8 16. Kb1 Qa5 17. Rc1 Bc4 18. b3 Ba3 0-1